[Event "First Saturday 2012 marcius GM"]
[Site "Budapest"]
[Date "2012.03.03"]
[Round "1.1"]
[White "Kovalev, Andrei"]
[Black "Oparin, Grigoriy"]
[Result "0-1"]
[WhiteElo "2493"]
[BlackElo "2487"]
[PlyCount "98"]
[EventDate "2012.03.03"]

1. e4 c5 2. Nf3 d6 3. d4 cxd4 4. Nxd4 Nf6 5. Nc3 a6 6. Be2 e6 7. O-O Be7 8. f4
O-O 9. Kh1 Qc7 10. a4 Nc6 11. Be3 Re8 12. Bd3 Nb4 13. a5 Bd7 14. Qf3 Bc6 15.
Qh3 Nxd3 16. cxd3 Nd7 17. Qg3 Bf6 18. f5 e5 19. Nc2 d5 20. exd5 Bb5 21. Ne4
Qxc2 22. Bh6 Kh8 23. Nxf6 gxh6 24. Nxe8 Rxe8 25. Rf3 Qxb2 26. Rg1 f6 27. Qh4
Qa2 28. Qxh6 Qxd5 29. Rg3 Rg8 30. Rxg8+ Qxg8 31. Rc1 Bc6 32. Qh3 Qg5 33. Rc2
Nc5 34. Kg1 Nb3 35. Qg3 Qxg3 36. hxg3 Nd4 37. Rb2 Kg7 38. g4 Kh6 39. Kf2 Kg5
40. Kg3 h5 41. gxh5 Kxh5 42. Kh3 Kg5 43. g4 Bf3 44. Kg3 Bxg4 45. Rxb7 Bxf5 46.
Rg7+ Kh5 47. Kf2 Bxd3 48. Rg1 f5 49. Ke3 Be2 0-1

[Event "First Saturday 2012 marcius GM"]
[Site "Budapest"]
[Date "2012.03.03"]
[Round "1.1"]
[White "Varga, Zoltan"]
[Black "Gonda, Laszlo"]
[Result "1/2-1/2"]
[WhiteElo "2440"]
[BlackElo "2536"]
[PlyCount "45"]
[EventDate "2012.03.03"]

1. d4 Nf6 2. c4 e6 3. Nc3 Bb4 4. Bd2 O-O 5. Nf3 d5 6. e3 c5 7. a3 Bxc3 8. Bxc3
Ne4 9. Rc1 Nxc3 10. Rxc3 cxd4 11. Qxd4 Nc6 12. Qd2 dxc4 13. Bxc4 Qxd2+ 14. Kxd2
Rd8+ 15. Ke2 Bd7 16. Rhc1 Ne7 17. Bd3 Rac8 18. Rc7 Bc6 19. Rxc8 Rxc8 20. Rc2
Kf8 21. g4 h6 22. h4 Ba4 23. Rxc8+ 1/2-1/2

[Event "First Saturday 2012 marcius GM"]
[Site "Budapest"]
[Date "2012.03.03"]
[Round "1.1"]
[White "Jayaram, Ashwin"]
[Black "Antipov, Mikhail Al"]
[Result "1-0"]
[WhiteElo "2454"]
[BlackElo "2435"]
[PlyCount "64"]
[EventDate "2012.03.03"]

1. e4 c5 2. Nf3 d6 3. d4 cxd4 4. Nxd4 Nf6 5. Nc3 a6 6. f4 e5 7. Nf3 Qc7 8. a4
Nbd7 9. Bd3 Be7 10. O-O O-O 11. Qe1 b6 12. Kh1 Bb7 13. Nh4 g6 14. f5 Rfc8 15.
Qg3 Nh5 16. Qh3 Ng7 17. Nd5 Bxd5 18. exd5 e4 19. fxg6 hxg6 20. Bxe4 Ne5 21. Bf4
Qc4 22. Rae1 Bxh4 23. Qxh4 f5 24. Bd3 Qxd5 25. Qh6 Nxd3 26. cxd3 Qf7 27. Bxd6
Re8 28. Be5 Rad8 29. d4 Re7 30. Re3 Qc4 31. Rg1 Qf7 32. Rh3 Kf8 1-0

[Event "First Saturday 2012 marcius GM"]
[Site "Budapest"]
[Date "2012.03.04"]
[Round "1.2"]
[White "Oparin, Grigoriy"]
[Black "Antipov, Mikhail Al"]
[Result "1-0"]
[WhiteElo "2487"]
[BlackElo "2435"]
[PlyCount "107"]
[EventDate "2012.03.03"]

1. e4 e5 2. Nf3 Nc6 3. d4 exd4 4. Nxd4 Nf6 5. Nxc6 bxc6 6. e5 Qe7 7. Qe2 Nd5 8.
c4 Ba6 9. g3 f6 10. exf6 Nxf6 11. Nc3 Qxe2+ 12. Bxe2 Bb4 13. Bd2 O-O 14. O-O-O
Bxc3 15. Bxc3 Ne4 16. f4 d5 17. Rhe1 Nf2 18. Rd4 Rae8 19. Bf1 Ng4 20. Bh3 Rxe1+
21. Bxe1 Re8 22. Bc3 Nf2 23. Bd7 Re2 24. Bxc6 Bxc4 25. b3 Bd3 26. Bxd5+ Kf8 27.
Bb4+ Ke8 28. Bd2 c5 29. Bc6+ Ke7 30. Rd7+ Ke6 31. Rd8 Ke7 32. Re8+ Kd6 33. Rxe2
Bxe2 34. Bg2 Ng4 35. h3 Nh2 36. Bc3 g6 37. Be5+ Kd7 38. Bd5 Ke7 39. g4 Nf3 40.
Bg7 Nh4 41. Kd2 Bf1 42. Bh6 Bxh3 43. Bg5+ Kd6 44. Be4 Bg2 45. Bxg2 Nxg2 46. Ke2
h5 47. Kf2 Nxf4 48. Bxf4+ Kd5 49. g5 c4 50. bxc4+ Kxc4 51. Ke3 Kd5 52. Kd3 a6
53. a3 h4 54. Ke3 1-0

[Event "First Saturday 2012 marcius GM"]
[Site "Budapest"]
[Date "2012.03.04"]
[Round "1.2"]
[White "Gonda, Laszlo"]
[Black "Jayaram, Ashwin"]
[Result "1/2-1/2"]
[WhiteElo "2536"]
[BlackElo "2454"]
[PlyCount "25"]
[EventDate "2012.03.03"]

1. d4 d5 2. Bf4 c5 3. e3 Nc6 4. c3 Nf6 5. Nd2 e6 6. Ngf3 Bd6 7. Bg3 Qe7 8. Bb5
Bd7 9. Qe2 a6 10. Bd3 e5 11. dxc5 Bxc5 12. e4 d4 13. O-O 1/2-1/2

[Event "First Saturday 2012 marcius GM"]
[Site "Budapest"]
[Date "2012.03.04"]
[Round "1.2"]
[White "Kovalev, Andrei"]
[Black "Varga, Zoltan"]
[Result "1/2-1/2"]
[WhiteElo "2493"]
[BlackElo "2440"]
[PlyCount "41"]
[EventDate "2012.03.03"]

1. e4 e5 2. Nf3 Nc6 3. Bb5 Nf6 4. O-O Nxe4 5. Re1 Nd6 6. Nxe5 Be7 7. Bf1 Nxe5
8. Rxe5 O-O 9. d4 Bf6 10. Re1 Nf5 11. c3 d5 12. Bf4 c6 13. Nd2 Nh4 14. Bd3 Bf5
15. Bxf5 Nxf5 16. Nf3 Qd7 17. Qd3 Rfe8 18. Ne5 Bxe5 19. Bxe5 Ne7 20. Re2 f6 21.
Bg3 1/2-1/2

[Event "First Saturday 2012 marcius GM"]
[Site "Budapest"]
[Date "2012.03.05"]
[Round "1.3"]
[White "Varga, Zoltan"]
[Black "Oparin, Grigoriy"]
[Result "1/2-1/2"]
[WhiteElo "2440"]
[BlackElo "2487"]
[PlyCount "47"]
[EventDate "2012.03.03"]

1. e4 c5 2. Nf3 d6 3. d4 cxd4 4. Nxd4 Nf6 5. f3 e5 6. Nb3 Be7 7. c4 a5 8. Be3
a4 9. N3d2 Qa5 10. Nc3 O-O 11. Rb1 Nc6 12. Nb5 Be6 13. Be2 Rfc8 14. O-O Ne8 15.
Kh1 h6 16. f4 exf4 17. Bxf4 Ne5 18. b4 axb3 19. axb3 Bf6 20. Nf3 Rd8 21. Qc1
Rd7 22. Nbd4 Qd8 23. Qe3 Nc7 24. Rbd1 1/2-1/2

[Event "First Saturday 2012 marcius GM"]
[Site "Budapest"]
[Date "2012.03.05"]
[Round "1.3"]
[White "Jayaram, Ashwin"]
[Black "Kovalev, Andrei"]
[Result "1/2-1/2"]
[WhiteElo "2454"]
[BlackElo "2493"]
[PlyCount "91"]
[EventDate "2012.03.03"]

1. e4 e6 2. d4 d5 3. Nc3 Nf6 4. Bg5 dxe4 5. Nxe4 Nbd7 6. Nf3 h6 7. Nxf6+ Nxf6
8. Bh4 c5 9. c3 Be7 10. dxc5 O-O 11. Be2 Bxc5 12. Qxd8 Rxd8 13. Ne5 g5 14. Bg3
Ne4 15. Bf3 Nxg3 16. hxg3 Kg7 17. O-O f6 18. Nc4 Rd7 19. Rad1 Rb8 20. Rxd7+
Bxd7 21. Rd1 Bb5 22. Nd6 Bxd6 23. Rxd6 Kf7 24. g4 Ke7 25. Rd2 b6 26. b3 Be8 27.
Kf1 Rc8 28. c4 Rc5 29. Ke2 Bg6 30. Ke3 Re5+ 31. Kd4 Re1 32. Rd1 e5+ 33. Kc3
Rxd1 34. Bxd1 Kd6 35. b4 Bf7 36. Bb3 Be8 37. Bc2 Bd7 38. f3 Be8 39. Bf5 h5 40.
gxh5 Bxh5 41. a3 Be8 42. Kd3 Ba4 43. Ke3 Be8 44. Kd3 Bf7 45. Kc3 Bg8 46. Kd3
1/2-1/2

[Event "First Saturday 2012 marcius GM"]
[Site "Budapest"]
[Date "2012.03.05"]
[Round "1.3"]
[White "Antipov, Mikhail Al"]
[Black "Gonda, Laszlo"]
[Result "1/2-1/2"]
[WhiteElo "2435"]
[BlackElo "2536"]
[PlyCount "52"]
[EventDate "2012.03.03"]

1. e4 e5 2. Nf3 Nc6 3. Bc4 Bc5 4. c3 Nf6 5. d3 a6 6. O-O d6 7. Bb3 O-O 8. Re1
Ba7 9. h3 Ne7 10. Nbd2 Ng6 11. Nf1 Nh5 12. d4 Nhf4 13. Ng3 h6 14. Bxf4 exf4 15.
Nh5 c5 16. Qd2 cxd4 17. cxd4 Bb6 18. Re2 Ba5 19. Qc1 Qc7 20. Qb1 Be6 21. e5 d5
22. Rc2 Qd7 23. Qc1 Bxh3 24. Nxf4 Nxf4 25. Qxf4 Be6 26. Ne1 Rac8 1/2-1/2

[Event "First Saturday 2012 marcius GM"]
[Site "Budapest"]
[Date "2012.03.06"]
[Round "1.4"]
[White "Oparin, Grigoriy"]
[Black "Gonda, Laszlo"]
[Result "0-1"]
[WhiteElo "2487"]
[BlackElo "2536"]
[PlyCount "108"]
[EventDate "2012.03.03"]

1. e4 e5 2. Nf3 Nc6 3. Bb5 a6 4. Ba4 Nf6 5. O-O Be7 6. Re1 b5 7. Bb3 d6 8. c3
O-O 9. d4 Bg4 10. d5 Na5 11. Bc2 c6 12. h3 Bc8 13. dxc6 Qc7 14. Nbd2 Qxc6 15.
Nf1 Re8 16. Ng3 Nc4 17. a4 Be6 18. b3 Nb6 19. a5 Nbd7 20. Ng5 Qxc3 21. Bd2 Qc6
22. Nxe6 fxe6 23. b4 Nf8 24. Bb3 Kh8 25. Rc1 Qd7 26. Qf3 Ng6 27. Bc3 Rf8 28.
Qd3 Nf4 29. Qd2 h5 30. Qd1 Qe8 31. Bd2 Qg6 32. Bxf4 exf4 33. Nf1 Nxe4 34. Bc2
d5 35. Nd2 f3 36. g3 Qf5 37. Kh2 Rad8 38. Re3 Bxb4 39. Rxf3 Qg5 40. Rxf8+ Rxf8
41. Nxe4 dxe4 42. Bxe4 Rxf2+ 43. Bg2 Rf8 44. Rc6 Qe5 45. h4 Bxa5 46. Rxa6 Bc7
47. Qb3 Qd4 48. Kh1 Bb6 49. Kh2 Bc7 50. Kh1 Qg4 51. Rxe6 Bxg3 52. Re4 Rf1+ 53.
Bxf1 Qxe4+ 54. Kg1 Qd4+ 0-1

[Event "First Saturday 2012 marcius GM"]
[Site "Budapest"]
[Date "2012.03.06"]
[Round "1.4"]
[White "Kovalev, Andrei"]
[Black "Antipov, Mikhail Al"]
[Result "1/2-1/2"]
[WhiteElo "2493"]
[BlackElo "2435"]
[PlyCount "72"]
[EventDate "2012.03.03"]

1. e4 c5 2. Nf3 d6 3. d4 cxd4 4. Nxd4 Nf6 5. Nc3 a6 6. Be2 e5 7. Nb3 Be7 8. O-O
O-O 9. a4 Be6 10. Bf3 Qc7 11. Re1 Rd8 12. Be3 Nbd7 13. a5 h6 14. h3 Nc5 15.
Nxc5 dxc5 16. Qe2 Qc6 17. Na4 Nd7 18. c4 b5 19. axb6 Nxb6 20. Nxb6 Qxb6 21. Bg4
Bxg4 22. Qxg4 Bg5 23. Bxg5 hxg5 24. Qxg5 Qxb2 25. Rxa6 Rxa6 26. Qxd8+ Kh7 27.
Qd5 Qc3 28. Re3 Qa1+ 29. Kh2 Rf6 30. Rf3 Rxf3 31. gxf3 f6 32. Kg2 Qc1 33. h4
Qa3 34. Qc6 Qb4 35. Qe6 Qa5 36. Qf5+ Kg8 1/2-1/2

[Event "First Saturday 2012 marcius GM"]
[Site "Budapest"]
[Date "2012.03.06"]
[Round "1.4"]
[White "Varga, Zoltan"]
[Black "Jayaram, Ashwin"]
[Result "1-0"]
[WhiteElo "2440"]
[BlackElo "2454"]
[PlyCount "65"]
[EventDate "2012.03.03"]

1. c4 Nf6 2. Nc3 e5 3. Nf3 Nc6 4. d4 exd4 5. Nxd4 Bb4 6. Bg5 Ne5 7. f4 Ng6 8.
g3 h6 9. Bxf6 Qxf6 10. Qd3 O-O 11. Bg2 c6 12. O-O Bxc3 13. Qxc3 d6 14. Bf3 Bh3
15. Rfd1 Rad8 16. Rac1 Rfe8 17. Nb3 Qe6 18. Rd2 Bg4 19. Nd4 Qd7 20. Bg2 Bh3 21.
e4 Bxg2 22. Nf5 f6 23. Rxd6 Qc7 24. Rxd8 Rxd8 25. Kxg2 Nxf4+ 26. gxf4 Qxf4 27.
Kh3 Qxe4 28. Ng3 Rd3 29. Qe1 Re3 30. Qf2 Rf3 31. Qg2 Qf4 32. Rd1 Rf2 33. Rf1
1-0

[Event "First Saturday 2012 marcius GM"]
[Site "Budapest"]
[Date "2012.03.07"]
[Round "1.5"]
[White "Jayaram, Ashwin"]
[Black "Oparin, Grigoriy"]
[Result "1/2-1/2"]
[WhiteElo "2454"]
[BlackElo "2487"]
[PlyCount "91"]
[EventDate "2012.03.03"]

1. e4 c5 2. Nf3 d6 3. d4 cxd4 4. Nxd4 Nf6 5. Nc3 a6 6. f4 e5 7. Nf3 Nbd7 8. a4
Be7 9. Bc4 O-O 10. O-O Qb6+ 11. Kh1 exf4 12. Bxf4 Qxb2 13. Qe1 Qb4 14. Ba2 Qc5
15. Rb1 Ne5 16. Nxe5 dxe5 17. Be3 Qd6 18. Nd5 Nxd5 19. Bxd5 Be6 20. Rb6 Qa3 21.
Bb3 Bxb3 22. cxb3 Bc5 23. Rxb7 Rab8 24. Bxc5 Qxc5 25. Rxb8 Rxb8 26. Qg3 Qd4 27.
Qf3 f6 28. Rd1 Qb2 29. h3 Kf8 30. Qg4 Re8 31. Kh2 Qf2 32. Rd6 a5 33. Rd5 h5 34.
Qd1 Qf4+ 35. Kh1 Qxe4 36. Rxa5 Qc6 37. b4 e4 38. Rxh5 e3 39. Rh8+ Ke7 40. b5
Qc4 41. Rxe8+ Kxe8 42. Qf3 Qd4 43. b6 Qxb6 44. Qe4+ Kf7 45. a5 Qxa5 46. Qxe3
1/2-1/2

[Event "First Saturday 2012 marcius GM"]
[Site "Budapest"]
[Date "2012.03.07"]
[Round "1.5"]
[White "Antipov, Mikhail Al"]
[Black "Varga, Zoltan"]
[Result "1/2-1/2"]
[WhiteElo "2435"]
[BlackElo "2440"]
[PlyCount "59"]
[EventDate "2012.03.03"]

1. e4 d5 2. exd5 Qxd5 3. Nc3 Qa5 4. d4 Nf6 5. Nf3 Bf5 6. Bc4 e6 7. Bd2 Bb4 8.
a3 Bxc3 9. Bxc3 Qb6 10. O-O Nc6 11. a4 a5 12. Bb5 O-O 13. Nd2 Nb4 14. Nc4 Qa7
15. Ne3 Rad8 16. Qe2 Bg6 17. Bc4 Nc6 18. Rad1 Nxd4 19. Bxd4 Rxd4 20. Rxd4 Qxd4
21. c3 Qe5 22. Nd5 Qxe2 23. Ne7+ Kh8 24. Nxg6+ hxg6 25. Bxe2 Rd8 26. Bf3 b6 27.
h4 c5 28. Rb1 Nd5 29. g3 Kg8 30. Kf1 {after 60 move} 1/2-1/2

[Event "First Saturday 2012 marcius GM"]
[Site "Budapest"]
[Date "2012.03.07"]
[Round "1.5"]
[White "Gonda, Laszlo"]
[Black "Kovalev, Andrei"]
[Result "1/2-1/2"]
[WhiteElo "2536"]
[BlackElo "2493"]
[PlyCount "71"]
[EventDate "2012.03.03"]

1. d4 Nf6 2. c4 g6 3. Nf3 Bg7 4. g3 O-O 5. Bg2 d6 6. Nc3 Nc6 7. O-O Bf5 8. d5
Na5 9. Nd2 c5 10. e4 Bd7 11. Qc2 a6 12. b3 b5 13. Bb2 Rb8 14. Rab1 e5 15. Ne2
h5 16. h3 h4 17. g4 Qe7 18. f4 Ne8 19. Bc3 Nb7 20. Nf3 exf4 21. Nxf4 Bxc3 22.
Qxc3 b4 23. Qc2 g5 24. Nh5 Ng7 25. Nxg7 Kxg7 26. Qb2+ f6 27. Nxg5 Rbe8 28. Rbe1
Qe5 29. Qxe5 dxe5 30. Nf3 Rh8 31. g5 fxg5 32. Nxg5 Nd6 33. Kf2 Rh5 34. Nf3 Rf8
35. Ke3 Rf6 36. Rg1 {after 36 move} 1/2-1/2

[Event "First Saturday 2012 marcius GM"]
[Site "Budapest"]
[Date "2012.03.08"]
[Round "2.1"]
[White "Oparin, Grigoriy"]
[Black "Kovalev, Andrei"]
[Result "1/2-1/2"]
[WhiteElo "2487"]
[BlackElo "2493"]
[PlyCount "131"]
[EventDate "2012.03.03"]

1. e4 e6 2. d4 d5 3. Nc3 Nf6 4. e5 Nfd7 5. f4 c5 6. Nf3 Nc6 7. Be3 a6 8. Qd2 b5
9. Nd1 b4 10. c3 Qb6 11. cxb4 cxd4 12. Nxd4 Bxb4 13. Nc3 Nc5 14. Nxc6 Qxc6 15.
Bd4 O-O 16. Qc2 Ne4 17. Bd3 a5 18. Bxe4 dxe4 19. a3 Rd8 20. Rd1 Bxc3+ 21. Qxc3
Qb5 22. Kf2 Ba6 23. Qe3 Rac8 24. Rd2 Qd5 25. Rhd1 Bd3 26. Bc3 h6 27. g4 a4 28.
h4 Qb3 29. Rc1 Rd5 30. h5 Qb7 31. Rg1 Bc4 32. Rxd5 Qxd5 33. Qd4 Qb7 34. g5 hxg5
35. Rxg5 Kh7 36. Rg1 Bd3 37. Kg3 Rc7 38. Qe3 Rc8 39. Kh2 Rg8 40. Kh3 Qb3 41.
Kh2 Qc2+ 42. Kh3 Be2 43. Rc1 Qd3 44. Qxd3 exd3 45. Kg3 Rd8 46. Bd2 Rb8 47. Bc3
Rd8 48. Bd2 Bxh5 49. Rh1 Kg6 50. Kf2 Bg4 51. Ke3 f6 52. exf6 gxf6 53. Bc3 Be2
54. Rh2 Bd1 55. Rg2+ Kf5 56. Rg7 Bh5 57. Rb7 Be8 58. b3 axb3 59. Rxb3 e5 60.
fxe5 fxe5 61. Rb6 Rd5 62. Ra6 Rc5 63. Kd2 e4 64. Ra5 Rxa5 65. Bxa5 Kf4 66. Bb6
1/2-1/2

[Event "First Saturday 2012 marcius GM"]
[Site "Budapest"]
[Date "2012.03.08"]
[Round "2.1"]
[White "Gonda, Laszlo"]
[Black "Varga, Zoltan"]
[Result "1/2-1/2"]
[WhiteElo "2536"]
[BlackElo "2440"]
[PlyCount "23"]
[EventDate "2012.03.03"]

1. Nf3 c5 2. c4 g6 3. g3 Bg7 4. Bg2 Nc6 5. Nc3 b6 6. O-O Bb7 7. e3 Rc8 8. d4
cxd4 9. Nxd4 Nf6 10. b3 O-O 11. Ba3 d6 12. Rc1 1/2-1/2

[Event "First Saturday 2012 marcius GM"]
[Site "Budapest"]
[Date "2012.03.08"]
[Round "2.1"]
[White "Antipov, Mikhail Al"]
[Black "Jayaram, Ashwin"]
[Result "0-1"]
[WhiteElo "2435"]
[BlackElo "2454"]
[PlyCount "38"]
[EventDate "2012.03.03"]

1. e4 e5 2. Nf3 Nc6 3. Bc4 Bc5 4. c3 Nf6 5. d3 O-O 6. O-O d5 7. exd5 Nxd5 8.
Re1 Bg4 9. h3 Bh5 10. g4 Bg6 11. Nxe5 Nxe5 12. Rxe5 c6 13. Bxd5 Bd6 14. Re1
cxd5 15. Qf3 Bc7 16. Na3 f5 17. g5 f4 18. h4 Qd7 19. Kh1 Bh5 0-1

[Event "First Saturday 2012 marcius GM"]
[Site "Budapest"]
[Date "2012.03.09"]
[Round "2.2"]
[White "Antipov, Mikhail Al"]
[Black "Oparin, Grigoriy"]
[Result "0-1"]
[WhiteElo "2435"]
[BlackElo "2487"]
[PlyCount "74"]
[EventDate "2012.03.03"]

1. e4 c5 2. Nf3 d6 3. d4 cxd4 4. Nxd4 Nf6 5. Nc3 a6 6. Be3 e5 7. Nb3 Be6 8. f3
Nbd7 9. Qd2 Be7 10. O-O-O b5 11. g4 b4 12. Nd5 Bxd5 13. exd5 Nb6 14. Na5 Nbxd5
15. Nc6 Qc7 16. Nxb4 Nxb4 17. Qxb4 O-O 18. g5 Rfc8 19. Bd3 e4 20. fxe4 Ng4 21.
Bb6 Qc6 22. Bd4 Bxg5+ 23. Kb1 Be3 24. Bxe3 Nxe3 25. Rdg1 Nxc2 26. Qa5 Rab8 27.
b3 Nb4 28. Qg5 g6 29. Rc1 Qb6 30. Qd2 Qd4 31. Rhd1 Rxc1+ 32. Qxc1 Nxd3 33. Qc2
Qxe4 34. Qxd3 d5 35. Kb2 Qe5+ 36. Qd4 Qxh2+ 37. Rd2 Qd6 0-1

[Event "First Saturday 2012 marcius GM"]
[Site "Budapest"]
[Date "2012.03.09"]
[Round "2.2"]
[White "Jayaram, Ashwin"]
[Black "Gonda, Laszlo"]
[Result "1/2-1/2"]
[WhiteElo "2454"]
[BlackElo "2536"]
[PlyCount "68"]
[EventDate "2012.03.03"]

1. d4 Nf6 2. c4 e6 3. Nf3 c5 4. d5 b5 5. Bf4 b4 6. Qc2 d6 7. e4 e5 8. Be3 Be7
9. h3 a5 10. Bd3 O-O 11. Qe2 Nbd7 12. g4 Re8 13. Rg1 Nf8 14. g5 Nh5 15. Nxe5
dxe5 16. Qxh5 Ng6 17. Nd2 Bd6 18. Qe2 a4 19. h4 Nf4 20. Bxf4 exf4 21. Nf3 a3
22. b3 f5 23. e5 Bxe5 24. Nxe5 Qd6 25. O-O-O Rxe5 26. Qd2 Re4 27. Qc2 Qe5 28.
Bxe4 fxe4 29. d6 Bb7 30. Rge1 Rd8 31. d7 Bc6 32. h5 Qa1+ 33. Qb1 Qc3+ 34. Qc2
Qa1+ 1/2-1/2

[Event "First Saturday 2012 marcius GM"]
[Site "Budapest"]
[Date "2012.03.09"]
[Round "2.2"]
[White "Varga, Zoltan"]
[Black "Kovalev, Andrei"]
[Result "1/2-1/2"]
[WhiteElo "2440"]
[BlackElo "2493"]
[PlyCount "35"]
[EventDate "2012.03.03"]

1. d4 e6 2. c4 c5 3. d5 exd5 4. cxd5 d6 5. Nc3 g6 6. Nf3 Nh6 7. Qa4+ Qd7 8.
Qe4+ Qe7 9. Bg5 Qxe4 10. Nxe4 Ng4 11. e3 f5 12. Nc3 a6 13. a4 Bg7 14. Be2 h6
15. Bf4 Ne5 16. Bg3 O-O 17. O-O Re8 18. Nd2 1/2-1/2

[Event "First Saturday 2012 marcius GM"]
[Site "Budapest"]
[Date "2012.03.10"]
[Round "2.3"]
[White "Oparin, Grigoriy"]
[Black "Varga, Zoltan"]
[Result "1/2-1/2"]
[WhiteElo "2487"]
[BlackElo "2440"]
[PlyCount "76"]
[EventDate "2012.03.03"]

1. e4 Nf6 2. e5 Nd5 3. d4 d6 4. Nf3 c6 5. Be2 Bg4 6. O-O Bxf3 7. Bxf3 dxe5 8.
dxe5 e6 9. Qe2 Nd7 10. Nd2 Qc7 11. Re1 Bb4 12. c3 Be7 13. g3 O-O 14. Bg2 Rfd8
15. Nf3 a5 16. a4 Nc5 17. Nd4 Rd7 18. h4 Rad8 19. Qc2 h6 20. Bd2 Nb4 21. cxb4
Rxd4 22. Bc3 Nd3 23. Bxd4 Nxe1 24. Rxe1 Rxd4 25. b5 Bb4 26. Rd1 Rxd1+ 27. Qxd1
cxb5 28. axb5 Qxe5 29. Qd8+ Kh7 30. Qd3+ g6 31. b3 Bc5 32. Be4 f5 33. Qd7+ Kh8
34. Qe8+ Kg7 35. Qd7+ Kf6 36. Qd8+ Kg7 37. Qd7+ Kf6 38. Qd8+ Kg7 1/2-1/2

[Event "First Saturday 2012 marcius GM"]
[Site "Budapest"]
[Date "2012.03.10"]
[Round "2.3"]
[White "Kovalev, Andrei"]
[Black "Jayaram, Ashwin"]
[Result "1/2-1/2"]
[WhiteElo "2493"]
[BlackElo "2454"]
[PlyCount "37"]
[EventDate "2012.03.03"]

1. e4 e5 2. Nf3 Nc6 3. Bb5 a6 4. Ba4 Nf6 5. O-O b5 6. Bb3 Bc5 7. Nc3 d6 8. a4
Bg4 9. axb5 Nd4 10. Bc4 Nh5 11. Be2 Nxe2+ 12. Qxe2 Nf4 13. Qd1 axb5 14. Rxa8
Qxa8 15. h3 Bxf3 16. Qxf3 b4 17. Ne2 Ne6 18. c3 O-O 19. Ng3 1/2-1/2

[Event "First Saturday 2012 marcius GM"]
[Site "Budapest"]
[Date "2012.03.10"]
[Round "2.3"]
[White "Gonda, Laszlo"]
[Black "Antipov, Mikhail Al"]
[Result "1-0"]
[WhiteElo "2536"]
[BlackElo "2435"]
[PlyCount "93"]
[EventDate "2012.03.03"]

1. Nf3 Nf6 2. g3 d5 3. Bg2 c6 4. O-O Bg4 5. d3 Nbd7 6. Qe1 e5 7. e4 dxe4 8.
dxe4 Qc7 9. Nbd2 h6 10. a4 Be7 11. Nc4 Be6 12. Qe2 O-O 13. Bd2 b5 14. axb5 cxb5
15. Ne3 Bc5 16. Ba5 Qc6 17. Nd2 Rfc8 18. c3 Rab8 19. Rfd1 b4 20. Nd5 bxc3 21.
Bxc3 Nxd5 22. exd5 Bxd5 23. Bxd5 Qxd5 24. Ne4 Bd4 25. Rxa7 Nc5 26. Qh5 Qe6 27.
Bxd4 Nxe4 28. Qxe5 Qxe5 29. Bxe5 Rb5 30. Re7 f6 31. Bd4 Ng5 32. Bc3 Nf7 33.
Rdd7 Rf8 34. b4 h5 35. h4 Rbb8 36. Rc7 Rbe8 37. Rxe8 Rxe8 38. Rc5 Nd6 39. Rxh5
Ne4 40. Bd4 Rd8 41. Be3 Rb8 42. b5 g6 43. Rd5 Nc3 44. Rd6 Rxb5 45. Rxf6 Kg7 46.
Ra6 Nd5 47. Bg5 1-0

[Event "First Saturday 2012 marcius GM"]
[Site "Budapest"]
[Date "2012.03.11"]
[Round "2.4"]
[White "Gonda, Laszlo"]
[Black "Oparin, Grigoriy"]
[Result "1-0"]
[WhiteElo "2536"]
[BlackElo "2487"]
[PlyCount "161"]
[EventDate "2012.03.03"]

1. c4 e6 2. g3 Nf6 3. Bg2 d5 4. Nf3 dxc4 5. Qa4+ c6 6. Qxc4 b5 7. Qc2 Bb7 8.
Nc3 Nbd7 9. O-O a6 10. a4 Be7 11. d3 O-O 12. h3 Rc8 13. e4 Qb6 14. Be3 c5 15.
Rfc1 Rfd8 16. axb5 axb5 17. b4 Qc6 18. Qb2 Ra8 19. Rab1 Qa6 20. bxc5 Bxc5 21.
Qxb5 Bxe3 22. fxe3 Qxb5 23. Nxb5 Ba6 24. Bf1 Ne8 25. Nc7 Nxc7 26. Rxc7 h6 27.
Rbc1 Bb5 28. Rb1 Ba6 29. Kf2 Rac8 30. Rbc1 Rb8 31. g4 Nf6 32. Ne5 Rb5 33. R1c5
Rxc5 34. Rxc5 Nd7 35. Nxd7 Rxd7 36. d4 Bb7 37. Bg2 Kf8 38. Kg3 f6 39. e5 fxe5
40. Rxe5 Bxg2 41. Kxg2 Kf7 42. h4 Ra7 43. Rb5 Ra1 44. Rb7+ Kf6 45. Rb2 Re1 46.
Rf2+ Ke7 47. Kf3 Rh1 48. Kg3 Rg1+ 49. Kf4 Rh1 50. h5 Rg1 51. Rf3 Ra1 52. Ke5
Ra5+ 53. Ke4 Rg5 54. Kf4 g6 55. Rh3 Kd6 56. Rh1 gxh5 57. Rxh5 Rg6 58. Ra5 Rf6+
59. Ke4 Rg6 60. Ra6+ Ke7 61. Ke5 Rg5+ 62. Kf4 Rb5 63. e4 Kf7 64. Rc6 Rb1 65.
Ke5 Rb5+ 66. Rc5 Rb7 67. Ra5 Ke7 68. Ra6 Rb5+ 69. d5 exd5 70. exd5 Rb4 71. d6+
Kd7 72. Ra7+ Ke8 73. Kf5 Rd4 74. Re7+ Kf8 75. Re6 Kg7 76. Rg6+ Kh7 77. Ke5 Rd1
78. Rf6 Re1+ 79. Kd5 Rd1+ 80. Ke6 Re1+ 81. Kf7 1-0

[Event "First Saturday 2012 marcius GM"]
[Site "Budapest"]
[Date "2012.03.11"]
[Round "2.4"]
[White "Antipov, Mikhail Al"]
[Black "Kovalev, Andrei"]
[Result "1-0"]
[WhiteElo "2435"]
[BlackElo "2493"]
[PlyCount "56"]
[EventDate "2012.03.03"]

1. e4 c5 2. Nf3 e6 3. b3 d6 4. Bb2 Nf6 5. e5 dxe5 6. Nxe5 Bd6 7. f4 O-O 8. Bd3
Nbd7 9. O-O Re8 10. Na3 Bf8 11. Qf3 g6 12. Nac4 Nb6 13. Nxb6 Qxb6 14. Bc4 Bg7
15. f5 Rf8 16. fxg6 fxg6 17. Rae1 Qd6 18. Qd3 Qxd3 19. Nxd3 b6 20. Nf4 Nd5 21.
Bxd5 exd5 22. Bxg7 Kxg7 23. Re7+ Kh6 24. Nxd5 Bf5 25. d3 Rfe8 26. Rfe1 Rxe7 27.
Rxe7 Rd8 28. Ne3 Bd7 1-0

[Event "First Saturday 2012 marcius GM"]
[Site "Budapest"]
[Date "2012.03.11"]
[Round "2.4"]
[White "Jayaram, Ashwin"]
[Black "Varga, Zoltan"]
[Result "1/2-1/2"]
[WhiteElo "2454"]
[BlackElo "2440"]
[PlyCount "61"]
[EventDate "2012.03.03"]

1. d4 d5 2. c4 c6 3. Nf3 Nf6 4. Nc3 e6 5. Bg5 h6 6. Bh4 Be7 7. e3 Ne4 8. Bxe7
Nxc3 9. bxc3 Qxe7 10. a4 O-O 11. Be2 c5 12. cxd5 exd5 13. dxc5 Qxc5 14. Qd4 Qa5
15. Qb4 Qc7 16. Nd4 Rd8 17. O-O Nc6 18. Qc5 Qa5 19. Bb5 Nxd4 20. Qxd4 Be6 21.
Rfb1 Rac8 22. Ra3 Rc7 23. h3 Rdc8 24. Rb4 Rc5 25. Be2 Qc7 26. Rab3 b6 27. Ba6
Rd8 28. Ra3 Bc8 29. Be2 Be6 30. Ba6 Bc8 31. Be2 1/2-1/2

[Event "First Saturday 2012 marcius GM"]
[Site "Budapest"]
[Date "2012.03.12"]
[Round "2.5"]
[White "Oparin, Grigoriy"]
[Black "Jayaram, Ashwin"]
[Result "0-1"]
[WhiteElo "2487"]
[BlackElo "2454"]
[PlyCount "114"]
[EventDate "2012.03.03"]

1. e4 c5 2. Nf3 d6 3. d4 cxd4 4. Nxd4 Nf6 5. Nc3 Nc6 6. Bg5 e6 7. Qd2 a6 8.
O-O-O Be7 9. f3 Nxd4 10. Qxd4 b5 11. Kb1 Bb7 12. h4 O-O 13. g4 Rc8 14. Rh2 Qc7
15. Qd2 Rfd8 16. Ne2 Ne8 17. Bxe7 Qxe7 18. Nd4 g6 19. Bd3 e5 20. Nb3 d5 21. Qe3
dxe4 22. fxe4 Nd6 23. Rdh1 Nc4 24. Qg3 a5 25. h5 g5 26. a4 bxa4 27. Bxc4 Rxc4
28. Nxa5 Rxe4 29. Nxb7 Qxb7 30. Re1 Qb4 31. c3 Qc4 32. Qf3 Rf4 33. Qe2 f6 34.
Qe3 Rxg4 35. Qb6 Qd3+ 36. Rc2 Qd6 37. Qa7 Rc4 38. h6 Qc7 39. Qa6 Qc6 40. Qa7
Qc7 41. Qa6 Kf7 42. Rf1 Qc6 43. Qa7+ Qd7 44. Qa6 Rf4 45. Rfc1 Qe6 46. Qa7+ Rd7
47. Qa8 Rc4 48. Rf2 Kg6 49. Re1 Rg4 50. Qf8 f5 51. Qc5 e4 52. c4 f4 53. Qb4 e3
54. Rc2 f3 55. Qc3 Re4 56. Rcc1 f2 57. Re2 Rxc4 0-1